| 000 | 00478 a2200157 4500 | ||
|---|---|---|---|
| 005 | 20250507163515.0 | ||
| 020 | _a978-81-224-2214-6 | ||
| 082 | _a658. 4 IYE | ||
| 100 | _aIYER, S. S. | ||
| 245 | _aManaging for Value | ||
| 250 | _a3rd Ed. | ||
| 260 |
_aNew Delhi, _bNew Age International (P) Limited, _c2010. |
||
| 300 |
_axviii, 234p.: ill.; table. _bBibliography, index. _c23cm. |
||
| 856 |
_yAccess online book _fManaging for Value _dwww.newagepublishers.com |
||
| 942 |
_2ddc _cBKS |
||
| 999 |
_c2143 _d2143 |
||